000 00636nam a22002297a 4500
003 UA-OsUOA
001 87102
007 ta
008 20120914b un ||||| |||| 00| 0 ukr d
100 _aФортунатов Н.
090 _a82.09
_bФ80
942 _cBK
040 _aUA-OsUOA
_brus
_cUA-OsUOA
_dUA-OsUOA
245 _aТворческая лаборатория Л. Толстого
300 _a317 с.
955 _a3
041 _arus
080 _a82.09
260 _aМ.
_bСоветский писатель
_c1983
650 7 _a82 Література. Літературознавство
_2UDC
999 _c373394
_d373394